| 000 | 00605nam a22001815i 4500 | ||
|---|---|---|---|
| 001 | 53774 | ||
| 003 | ES-MaACL | ||
| 005 | 20231224062923.0 | ||
| 007 | t| | ||
| 008 | 960708m18851886sp ||||1| spa d | ||
| 100 | 1 |
_aFernández y González, Manuel, _d1821-1888 _950183 |
|
| 245 | 1 | 3 |
_aEl rey maldito _b: novela histórica / _cpor Manuel Fernández y Gónzález ; [litografías de J. Palacios]. |
| 260 |
_aMadrid : _bFelipe González Rojas, _c1885-1886. |
||
| 300 |
_a2 v. : _bil. col. ; _c22 cm. |
||
| 700 | 1 |
_aPalacios, J. _9192357 |
|
| 852 |
_aES-MaACL _jF-8123-24 |
||
| 999 |
_c53774 _d53774 |
||